Making schools smarter : (Record no. 12850)

000 -LEADER
fixed length control field 00842cam a2200229 a 4500
020 ## - INTERNATIONAL STANDARD BOOK NUMBER
ISBN 0803962924 (pbk. : alk. paper)
040 ## - CATALOGING SOURCE
Transcribing agency DLC
082 00 - DEWEY DECIMAL CLASSIFICATION NUMBER
Classification number 379 COR 1995 A021 Or.
100 1# - MAIN ENTRY--AUTHOR NAME
Personal name Leithwood, Kenneth A.
245 10 - TITLE STATEMENT
Title Making schools smarter :
Remainder of title a system for monitoring school and district progress /
260 ## - PUBLICATION, DISTRIBUTION, ETC. (IMPRINT)
Place of publication Thousand Oaks, Calif. :
Name of publisher Corwin Press,
Year of publication c1995.
300 ## - PHYSICAL DESCRIPTION
Number of Pages xv, 198 p. :
Other physical details ill. ;
Dimensions 29 cm.
650 #0 - SUBJECT ADDED ENTRY--TOPICAL TERM
Topical Term Educational evaluation
650 #0 - SUBJECT ADDED ENTRY--TOPICAL TERM
Topical Term Educational indicators
650 #0 - SUBJECT ADDED ENTRY--TOPICAL TERM
Topical Term Educational accountability
650 #0 - SUBJECT ADDED ENTRY--TOPICAL TERM
Topical Term School districts
700 1# - ADDED ENTRY--PERSONAL NAME
Personal name Aitken, Robert,
856 42 - ELECTRONIC LOCATION AND ACCESS
Uniform Resource Identifier http://www.loc.gov/catdir/enhancements/fy0655/95017947-d.html
856 41 - ELECTRONIC LOCATION AND ACCESS
Uniform Resource Identifier http://www.loc.gov/catdir/enhancements/fy0655/95017947-t.html
856 42 - ELECTRONIC LOCATION AND ACCESS
Uniform Resource Identifier http://www.loc.gov/catdir/enhancements/fy0734/95017947-b.html
942 ## - ADDED ENTRY ELEMENTS (KOHA)
Koha item type សៀវភៅភាសាអង់គ្លេស
952 ## - LOCATION AND ITEM INFORMATION (KOHA)
Withdrawn status [LOCAL, KOHA] 0
Holdings
Koha item type Barcode Lost status Permanent Location Current Location Date acquired Full call number
សៀវភៅភាសាអង់គ្លេសA14666 Library Block ALibrary Block A2017-08-17379 COR 1995 A021 Or.
មជ្ឈមណ្ឌលឯការនៃសាកលវិទ្យាល័យភូមិន្ទកសិកម្មចំការដូង

Powered by Koha